An alternative to war or surrender
Sábháilte in:
| Príomhchruthaitheoir: | |
|---|---|
| Formáid: | LEABHAR |
| Teanga: | Béarla |
| Foilsithe / Cruthaithe: |
Urbana
University of Illinois
1962
|
| Ábhair: | |
| Clibeanna: |
Cuir clib leis
Níl clibeanna ann, Bí ar an gcéad duine le clib a chur leis an taifead seo!
|
MARC
| LEADER | 00000nam a2200000 a 4500 | ||
|---|---|---|---|
| 001 | UCO8144 | ||
| 003 | CL-VaPUC | ||
| 008 | 001201e19620000US |||||||||||||||||eng|d | ||
| 082 | 0 | 4 | |a 327.172 |b OSG |2 21 |
| 100 | |a Osgood, Charles Egerton |e author |9 523020 | ||
| 245 | 1 | 3 | |a An alternative to war or surrender |
| 300 | |a 183 p | ||
| 942 | |c BK | ||
| 945 | |d 20001201 00:00:00 |a crobeson | ||
| 260 | |a Urbana |b University of Illinois |c 1962 | ||
| 500 | |a Donación del profesor Manfred Wilhelmy von Wolff | ||
| 650 | 7 | |a PAZ MUNDIAL |2 CL-VaPUC |9 452919 | |
| 650 | 0 | |a Relaciones Internacionales |9 255740 | |
| 650 | 0 | |a Guerra nuclear |9 318894 | |
| 650 | 7 | |a POLITICA DE DEFENSA |2 CL-VaPUC |9 336840 | |
| 583 | |a last modification |c 20001201 00:00:00 |k Rodrigo Vera | ||
| 999 | |c 292873 |d 292871 | ||
| 952 | |0 0 |1 0 |4 0 |6 327_172000000000000_OSG_1962 |7 0 |8 A |9 343949 |a BIBHIS |b BIBHIS |d 2019-11-20 |i 1235842 |o 327.172 OSG 1962 |p 1235842 |r 2025-01-20 |w 2019-11-20 |y BK |k HIS | ||